00300nam a2200121Ia 45000030006000000080041000060400015000471000031000622450047000932600009001405460012001490050017001610STCL150530s9999 xx 000 0 und d aSTCLcSTCL aSir William Foster, C.I.E. aEmbassy of Sir Thomas Roe to India 1615-19 c1926 aEnglish20220125171413.0